<?xml version="1.0" encoding="UTF-8"?><marc:collection xmlns:marc="http://www.loc.gov/MARC21/slim">
  <marc:record>
    <marc:leader>00000nam  2200000za 4500</marc:leader>
    <marc:controlfield tag="001">9.831378</marc:controlfield>
    <marc:controlfield tag="003">CaOODSP</marc:controlfield>
    <marc:controlfield tag="005">20240624082329</marc:controlfield>
    <marc:controlfield tag="007">cr |||||||||||</marc:controlfield>
    <marc:controlfield tag="008">170126q1962    onc     o    f000 0 fre d</marc:controlfield>
    <marc:datafield tag="040" ind1=" " ind2=" ">
      <marc:subfield code="a">CaOODSP</marc:subfield>
      <marc:subfield code="b">fre</marc:subfield>
    </marc:datafield>
    <marc:datafield tag="043" ind1=" " ind2=" ">
      <marc:subfield code="a">n-cn---</marc:subfield>
    </marc:datafield>
    <marc:datafield tag="086" ind1="1" ind2=" ">
      <marc:subfield code="a">Z1-1962/1-63F-PDF</marc:subfield>
    </marc:datafield>
    <marc:datafield tag="110" ind1="1" ind2=" ">
      <marc:subfield code="a">Canada. </marc:subfield>
      <marc:subfield code="b">Bureau du Conseil privé.</marc:subfield>
    </marc:datafield>
    <marc:datafield tag="245" ind1="1" ind2="0">
      <marc:subfield code="a">Commission royale d'enquête sur la fiscalité </marc:subfield>
      <marc:subfield code="h">[ressource électronique] : </marc:subfield>
      <marc:subfield code="b">communiques de presse.</marc:subfield>
    </marc:datafield>
    <marc:datafield tag="260" ind1=" " ind2=" ">
      <marc:subfield code="a">[S.l. : </marc:subfield>
      <marc:subfield code="b">s.n., </marc:subfield>
      <marc:subfield code="c">1962?]</marc:subfield>
    </marc:datafield>
    <marc:datafield tag="300" ind1=" " ind2=" ">
      <marc:subfield code="a">[216] p. en pagination multiple</marc:subfield>
    </marc:datafield>
    <marc:datafield tag="500" ind1=" " ind2=" ">
      <marc:subfield code="a">Publ. aussi en anglais sous le titre : Royal Commission on Taxation: press releases.</marc:subfield>
    </marc:datafield>
    <marc:datafield tag="500" ind1=" " ind2=" ">
      <marc:subfield code="a">Édition numérisée de l’imprimé [par Finances Canada].</marc:subfield>
    </marc:datafield>
    <marc:datafield tag="505" ind1="0" ind2=" ">
      <marc:subfield code="a">1. Propositions principales -- 2. Taxes de vente -- 3. Plan d'intégration -- 4. Gains de capital -- 5. Revenu d'emploi -- 6. Dons et legs -- 7. Frais médicaux -- 8. Dons de charité -- 9. Revenu différé -- 10. Paiements de transferts -- 11. L'étalement des revenus -- 12. Revenus d'affaires -- 13. Institutions financières -- 14. L'industrie minière et l'industrie pétrolière -- 15. Effets sur les revenus -- 16. Incidence -- 17. Régime fédéral-provincial -- 18. Administration fiscale -- 19. Différences entre les taux canadiens et américains -- 20. Recherches et développement -- 21. Incitations au développement régional -- 22. Coopératives et autres mutuelles -- 23. Agriculture, pêche, exploitation forestière, construction -- 24. Politiques de stabilisation -- 25. Freinage des revenus -- 26. Effets économiques -- 27. Investissements étrangers -- 28. Face à la concurrence internationale -- 29. Education -- 30. Rapport minoritaire -Commissaire Grant -- 31. Rapport minoritaire -Commissaire Beauvais.</marc:subfield>
    </marc:datafield>
    <marc:datafield tag="520" ind1=" " ind2=" ">
      <marc:subfield code="a">« La Commission royale d'enquête sur la fiscalité recommande de soumettre le régime fiscal canadien à une transformation complète qu'on a conçue surtout pour réaliser l'équité: l'imposition suivant la faculté contributive. ... Des centaines de conclusions et de recommandations figurent dans le Rapport massif de 2,600 pages, en six volumes, que présente la Commission dirigée par Kenneth LeM. Carter de Toronto. Le Rapport est le fruit d'un travail accompli en quatre ans et demi pax cette Commission de six membres aidée d'un personnel de recherches qui, à un moment donné, comptait 150 avocats, comptables et économistes. ... »--p. [2]</marc:subfield>
    </marc:datafield>
    <marc:datafield tag="692" ind1="0" ind2="7">
      <marc:subfield code="2">gccst</marc:subfield>
      <marc:subfield code="a">Commission d'enquête</marc:subfield>
    </marc:datafield>
    <marc:datafield tag="692" ind1="0" ind2="7">
      <marc:subfield code="2">gccst</marc:subfield>
      <marc:subfield code="a">Impôt</marc:subfield>
    </marc:datafield>
    <marc:datafield tag="692" ind1="0" ind2="7">
      <marc:subfield code="2">gccst</marc:subfield>
      <marc:subfield code="a">Communiqué de presse</marc:subfield>
    </marc:datafield>
    <marc:datafield tag="710" ind1="1" ind2=" ">
      <marc:subfield code="a">Canada.</marc:subfield>
      <marc:subfield code="b">Commission royale d'enquête sur la fiscalité.</marc:subfield>
    </marc:datafield>
    <marc:datafield tag="775" ind1="0" ind2="8">
      <marc:subfield code="t">Royal Commission on Taxation </marc:subfield>
      <marc:subfield code="w">(CaOODSP)9.828056</marc:subfield>
    </marc:datafield>
    <marc:datafield tag="856" ind1="4" ind2="0">
      <marc:subfield code="q">PDF</marc:subfield>
      <marc:subfield code="s">4.50 Mo</marc:subfield>
      <marc:subfield code="u">https://publications.gc.ca/collections/collection_2017/bcp-pco/Z1-1962-1-63-fra.pdf</marc:subfield>
    </marc:datafield>
  </marc:record>
</marc:collection>
